Accountability democrática e o desenho institucional dos tribunais de contas no Brasil / (Record no. 173)
[ view plain ]
| 000 -LÍDER | |
|---|---|
| Campo Fixo de Controle | 01032cam a2200277 a 4500 |
| 001 - NÚMERO DE CONTROLE | |
| Campo de Controle | 173 |
| 003 - IDENTIFICAÇÃO DO NÚMERO DE CONTROLE | |
| Campo de Controle | BR-CuiBMT |
| 005 - DATA E HORA DA ÚLTIMA ATUALIZAÇÃO | |
| Campo de Controle | 20231213134132.0 |
| 008 - DADOS FIXOS | |
| Dados Fixos | 230823s2020 mgba 000 0 por d |
| 020 ## - INTERNATIONAL STANDARD BOOK NUMBER | |
| Nº do ISBN | 9788545006831 |
| 040 ## - AGÊNCIA CATALOGADORA | |
| Código da Agência Catalogadora | BR-CuiBMT |
| Agência que transcreveu o registro | BR-CuiBMT |
| 080 ## - Nº DA CLASSIFICAÇÃO DECIMAL UNIVERSAL | |
| Nº edição CDU | 2007 |
| Nº Class. CDU | 342 |
| Subd. Auxiliar Comum | (81) |
| 090 ## - NÚMERO DE CHAMADA | |
| Nº classificação | 342(81) |
| Cutter | W699a |
| Ano/Edição | 2. ed. |
| 100 1# - ENTRADA PRINCIPAL -- AUTOR PESSOAL | |
| Nome pessoal | Willeman, Mariana Montebello |
| 245 10 - TÍTULO PRINCIPAL | |
| Título principal | Accountability democrática e o desenho institucional dos tribunais de contas no Brasil / |
| Indicação de responsabilidade | Marianna Montebello Willeman ; Diogo de Figueiredo Moreira Neto, prefácio. |
| 250 ## - EDIÇÃO | |
| Edição | 2. ed., rev. e ampl. |
| 260 ## - PUBLICAÇÃO, DISTRIBUIÇÃO, ETC. | |
| Local de publicação | Belo Horizonte : |
| Editora | Fórum, |
| Data | 2020. |
| 300 ## - DESCRIÇÃO FÍSICA | |
| N. páginas ou volumes | 373 p. : |
| Ilustrações | il. ; |
| Dimensões | 22 cm |
| 504 ## - NOTA DE BIBLIOGRAFIA, ETC. | |
| Nota de bibliografia | Inclui bibliografia. |
| 590 ## - NOTA LOCAL | |
| Nota local | A Biblioteca possui a 1. reimpr. 2020. |
| 650 ## - ASSUNTO TÓPICO | |
| Cabeçalho tópico ou nome geográfico | Direito constitucional |
| Subdivisão geral | Democracia |
| Subdivisão geográfica | Brasil |
| 650 ## - ASSUNTO TÓPICO | |
| Cabeçalho tópico ou nome geográfico | Tribunais de contas |
| Subdivisão geral | Arquitetura funcional |
| 650 ## - ASSUNTO TÓPICO | |
| Cabeçalho tópico ou nome geográfico | Responsabilidade (Direito) |
| Subdivisão geral | Tribunais de contas |
| Subdivisão geográfica | Brasil |
| 650 ## - ASSUNTO TÓPICO | |
| Cabeçalho tópico ou nome geográfico | Administração pública |
| Subdivisão geral | Prestação de contas |
| 942 ## - ELEMENTOS DE ENTRADA ADICIONAIS (KOHA) | |
| Fonte de classificação ou esquema de arquivamento | Classificação Decimal Universal |
| Tipo de item do Koha | Livros |
| Estado: removido | Estado: perdido | Fonte de classificação ou esquema de arquivamento | Estado: danificado | Indisponível para empréstimo | Localização permanente | Localização atual | Data de aquisição | Total Checkouts | Número de Chamada completo | Código de barras | Date last seen | Número do exemplar | Preço efetivo a partir de | Tipo de item (Koha) | Nota pública |
|---|---|---|---|---|---|---|---|---|---|---|---|---|---|---|---|
| Classificação Decimal Universal | Biblioteca da Escola Superior de Contas do TCE/MT | Biblioteca da Escola Superior de Contas do TCE/MT | 28/06/2023 | 342(81) W699a 2. ed. | BIBTCEMT23080150 | 23/08/2023 | Ex. 1 | 23/08/2023 | Livros | 1. reimpr. 2020 | |||||
| Classificação Decimal Universal | Biblioteca da Escola Superior de Contas do TCE/MT | Biblioteca da Escola Superior de Contas do TCE/MT | 28/11/2023 | 342(81) W699a 2. ed. | BIBTCEMT23111216 | 28/11/2023 | Ex. 2 | 28/11/2023 | Livros | 1. reimpr. 2020 | |||||
| Classificação Decimal Universal | Biblioteca da Escola Superior de Contas do TCE/MT | Biblioteca da Escola Superior de Contas do TCE/MT | 28/11/2023 | 342(81) W699a 2. ed. | BIBTCEMT23111217 | 28/11/2023 | Ex. 3 | 28/11/2023 | Livros | 1. reimpr. 2020 | |||||
| Classificação Decimal Universal | Biblioteca da Escola Superior de Contas do TCE/MT | Biblioteca da Escola Superior de Contas do TCE/MT | 28/11/2023 | 342(81) W699a 2. ed. | BIBTCEMT23111218 | 28/11/2023 | Ex. 4 | 28/11/2023 | Livros | 1. reimpr. 2020 |